Ontología del conocimiento
Guardado en:
| Hovedforfatter: | |
|---|---|
| Format: | Bog |
| Sprog: | Undetermined |
| Udgivet: |
Caracas, Venezuela
Universidad Central de Venezuela
1960
|
| Fag: | |
| Tags: |
Tilføj Tag
Ingen Tags, Vær først til at tagge denne postø!
|
MARC
| LEADER | 00000nam a2200000Ia 4500 | ||
|---|---|---|---|
| 008 | 170316s9999 xx 000 0 und d | ||
| 090 | |a 100 M-30o | ||
| 100 | |a Mayz Vallenilla, Ernesto | ||
| 245 | |a Ontología del conocimiento | ||
| 260 | |a Caracas, Venezuela | ||
| 260 | |b Universidad Central de Venezuela | ||
| 260 | |c 1960 | ||
| 300 | |a 449 páginas | ||
| 650 | |a FILOSOFÍA | ||
| 999 | |c 16983 |d 16983 | ||
| 040 | |a cru BVZT | ||
| 942 | |c 15 D |h 100 M-30o |2 z | ||
